01233nab a22002177a 4500003000400000005001700004008004100021040000700062100003100069245017200100260007200272300001300344505025100357505010700608505008900715650001800804650001800822650002700840650002900867773011900896OSt20260121182847.0190502c xxu||||| |||| 00| 0 spa d cPJ aKunusch Ribichini, Leandro1 aDiscusiones acerca de la notificación a testigos en el fuero penal federal :banálisis en clave de litigio constitucional adversarial /cLeandro Kunusch Ribichini. aCiudad Autónoma de Buenos Aires :bThomson Reuters La Ley,c2024. ap. 58-66 aSumario: I. Introducción.— II. La postura de las partes recurrentes.— III. La cuestión en las distintas Salas de la Casación Federal.— IV. El voto de Ángela Ledesma en el fallo comentado.— V. Trasfondo del problema y reflexiones  aFallo comentado: CFCasación Penal, sala II, 22/05/2023. - T., H. L. y otro s/ recurso de casación. t¿Te interesa el texto completo? Solicitalo al correo: koha@justierradelfuego.gov.ar 0aDERECHO PENAL 0aPROCESO PENAL 0aCITACIÓN DE TESTIGOS 0aJURISPRUDENCIA APLICABLE0 02729dBuenos Aires : LexisNexis, 2006-tRevista de derecho penal y procesal penal. Nº 3 - Marzo 2024z9875920622